Catálogo público

Ecuaciones diferenciales / (Record no. 176016)

MARC details
000 -CABECERA
campo de control de longitud fija 00851nam a2200289Ia 4500
001 - NÚMERO DE CONTROL
campo de control dia_5156
003 - IDENTIFICADOR DEL NÚMERO DE CONTROL
campo de control CHAP
005 - FECHA Y HORA DE LA ÚLTIMA TRANSACCIÓN
campo de control 20251027152029.0
008 - DATOS DE LONGITUD FIJA--INFORMACIÓN GENERAL
campo de control de longitud fija 220117s1991 xx 000 0 und d
010 ## - NÚMERO DE CONTROL DE LA BIBLIOTECA DEL CONGRESO
Número de control de LC 176016
020 ## - NÚMERO INTERNACIONAL ESTÁNDAR DEL LIBRO
Número Internacional Estándar del Libro 970-10-0004-8
040 ## - FUENTE DE LA CATALOGACIÓN
Centro/agencia transcriptor CHAP
082 ## - NÚMERO DE LA CLASIFICACIÓN DECIMAL DEWEY
Número de clasificación 512 A97 1991
100 ## - ENTRADA PRINCIPAL--NOMBRE DE PERSONA
Nombre de persona Ayres, Frank
9 (RLIN) 9021
245 ## - MENCIÓN DE TÍTULO
Título Ecuaciones diferenciales /
Mención de responsabilidad, etc. Frank Ayres Jr. ; traducción Tomás Gómez de Dios
260 ## - PUBLICACIÓN, DISTRIBUCIÓN, ETC.
Lugar de publicación, distribución, etc. México :
Nombre del editor, distribuidor, etc. McGraw-Hill,
Fecha de publicación, distribución, etc. 1991
300 ## - DESCRIPCIÓN FÍSICA
Extensión 296 p.
440 ## - MENCIÓN DE SERIE/PUNTO DE ACCESO ADICIONAL--TÍTULO
Título Serie Schaum
9 (RLIN) 105030
503 ## - NOTA DE HISTORIA BIBLIOGRÁFICA (BK CF MU) [OBSOLETO]
Nota de historia bibliográfica C/e
590 ## - NOTA LOCAL (RLIN)
Nota local QA371 A97 1991
650 ## - PUNTO DE ACCESO ADICIONAL DE MATERIA--TÉRMINO DE MATERIA
Término de materia o nombre geográfico como elemento de entrada Ecuaciones diferenciales
Subdivisión general Problemas, ejercicios, etc.
9 (RLIN) 150200
700 ## - PUNTO DE ACCESO ADICIONAL--NOMBRE DE PERSONA
Nombre de persona Gómez de Dios, Tomás, tr.
9 (RLIN) 150201
901 ## - ELEMENTOS DE DATOS A LOCAL LDA (RLIN)
a 512 A97 1991
902 ## - ELEMENTOS DE DATOS B LOCAL, LDB (RLIN)
a A
905 ## - ELEMENTOS DE DATOS E LOCAL, LDE (RLIN)
a 5232271991 mx m 8222223322spa16
942 ## - ELEMENTOS DE PUNTO DE ACCESO ADICIONAL (KOHA)
Tipo de ítem Koha Libro
Fuente del sistema de clasificación o colocación Dewey Decimal Classification
Holdings
Estado de retiro Estado de pérdida Fuente del sistema de clasificación o colocación Estado dañado Restricciones de uso No para préstamo Código de colección Localización permanente Ubicación/localización actual Fecha de adquisición Fuente de adquisición Coste, precio normal de compra Número de inventario Total de préstamos Signatura topográfica completa Código de barras Fecha visto por última vez Fecha del último préstamo Número de copia Tipo de ítem Koha Información codificada de la localización en otra ubicación
    Dewey Decimal Classification   Préstamo 5 días   General Ingenieria Agroindustrial Ingenieria Agroindustrial 30/06/1995 Compra Librería Patena F. 869 / R. (30/06/1995) 34.00 C/e 1 512 A97 1991 dia_003976 17/05/2023 17/05/2023 2 Libro  
    Dewey Decimal Classification   Préstamo interno   General Ingenieria Agroindustrial Ingenieria Agroindustrial 19/05/1993 Compra Librería patena f. 7285 / (19-05-93) 31.00 C/e   512 A97 1991 dia_003975 18/01/2022   1 Libro 1